|
|
|
|
| LEADER |
01514cas a2200241 a 4500 |
| 001 |
AALejournalIMF007491 |
| 008 |
230101c9999 xx r poo 0 0eng d |
| 020 |
|
|
|c 5.00 USD
|
| 020 |
|
|
|z 9781451839470
|
| 022 |
|
|
|a 1934-7685
|
| 040 |
|
|
|a BD-DhAAL
|c BD-DhAAL
|
| 110 |
2 |
|
|a International Monetary Fund.
|
| 245 |
1 |
0 |
|a United States :
|b Background Papers.
|
| 264 |
|
1 |
|a Washington, D.C. :
|b International Monetary Fund,
|c 1995.
|
| 300 |
|
|
|a 1 online resource (198 pages)
|
| 490 |
1 |
|
|a IMF Staff Country Reports
|
| 500 |
|
|
|a <strong>Off-Campus Access:</strong> No User ID or Password Required
|
| 500 |
|
|
|a <strong>On-Campus Access:</strong> No User ID or Password Required
|
| 506 |
|
|
|a Electronic access restricted to authorized BRAC University faculty, staff and students
|
| 520 |
3 |
|
|a This Background Paper on the United States examines the effect of fiscal deficit reduction in the context of the IMF's multicountry simulation model, on the current account and the real exchange rate. The simulations suggest that, other things being equal, fiscal consolidation will tend to cause the real exchange rate to depreciate in the short term. The paper also estimates a long-term relationship between the real effective exchange rate for the U.S. dollar and a number of variables.
|
| 538 |
|
|
|a Mode of access: Internet
|
| 830 |
|
0 |
|a IMF Staff Country Reports; Country Report ;
|v No. 1995/094
|
| 856 |
4 |
0 |
|z Full text available on IMF
|u http://elibrary.imf.org/view/journals/002/1995/094/002.1995.issue-094-en.xml
|z IMF e-Library
|